[Event "AUTO-ADV-1182"]
[Site "http://www.queenalice.com/game.php?id=523204"]
[Date "2009.1.15"]
[Round "1"]
[White "eduardopiveta"]
[Black "Enroque"]
[Result "1/2-1/2"]
[WhiteElo "1764"]
[BlackElo "1869"]

1. e4 e5 2. Nf3 d6 3. g3 Nf6 4. Nc3 d5 5. exd5 e4 6. Ng5 Nxd5 7. Ngxe4 Nxc3 8.
Nxc3 Bf5 9. Bg2 Nc6 10. O-O Be7 11. Re1 O-O 12. d3 Qd7 13. Bd2 Rae8 14. a3 Nd4
15. b4 Bg4 16. Qb1 Bf6 17. Ne4 Nf3+ 18. Bxf3 Bxf3 19. Nxf6+ gxf6 20. Rxe8 Rxe8
21. Qf1 Bg4 22. Re1 Rxe1 23. Qxe1 Qc6 24. Qe4 Qxe4 25. dxe4 Bf3 26. Bf4 Bxe4 27.
Bxc7 Bxc2 28. Kf1 a6 29. Bb6 Kg7 30. Ke2 f5 31. Ke3 Kf6 32. f4 Kg6 33. Kd4 Kh5
34. Ke5 Kg4 35. Bd8 Kh3 36. Bh4 Kxh2 37. Kf6 Kh3 38. Kxf7 Kg4 39. Kg7 h5 40. Kf6
Be4 41. Ke5 Bc6 42. Kd6 Be4 43. Kc5 Bd3 44. a4 Bc2 45. b5 1/2-1/2

[Event "AUTO-ADV-1182"]
[Site "http://www.queenalice.com/game.php?id=523205"]
[Date "2009.1.15"]
[Round "1"]
[White "Enroque"]
[Black "eduardopiveta"]
[Result "1-0"]
[WhiteElo "1781"]
[BlackElo "1804"]

1. d4 Nf6 2. Nf3 g6 3. e4 d6 4. Nc3 Bg7 5. Bc4 O-O 6. O-O Na6 7. a3 c5 8. e5
dxe5 9. dxe5 Qxd1 10. Rxd1 Ne8 11. Bg5 Nec7 12. Bxe7 Re8 13. Bd6 b6 14. Re1 Bb7
15. Ng5 Ne6 16. Nxe6 fxe6 17. Bb5 Red8 18. Rad1 Bf8 19. Bc4 Bxd6 20. exd6 Kf7
21. Rxe6 Kf8 22. Rf6+ Ke8 23. Bb5+ Rd7 24. Re1+ Kd8 25. Rf8# 1-0

[Event "AUTO-ADV-1200"]
[Site "http://www.queenalice.com/game.php?id=532181"]
[Date "2009.1.30"]
[Round "1"]
[White "Wecker"]
[Black "eduardopiveta"]
[Result "0-1"]
[WhiteElo "1591"]
[BlackElo "1800"]

1. e4 d6 2. d4 Nf6 3. Nc3 g6 4. f4 Bg7 5. Nf3 O-O 6. Be3 Na6 7. Qd2 c5 8. Bxa6
cxd4 9. Bxd4 bxa6 10. O-O-O Bb7 11. e5 Bxf3 12. gxf3 Nh5 13. exd6 Qxd6 14. Rhe1
Rfd8 15. Bxg7 Kxg7 0-1

[Event "AUTO-ADV-1200"]
[Site "http://www.queenalice.com/game.php?id=532182"]
[Date "2009.1.30"]
[Round "1"]
[White "eduardopiveta"]
[Black "Wecker"]
[Result "1-0"]
[WhiteElo "1792"]
[BlackElo "1599"]

1. e4 e5 2. Nf3 Nc6 3. d4 exd4 4. Nxd4 Nxd4 5. Qxd4 b6 6. Bc4 Bb7 7. Nc3 Nf6 8.
Bg5 Bc5 9. Qd3 d6 10. Nd5 Bxd5 11. Bxd5 Rb8 12. Bc6+ Kf8 13. Qf3 Qc8 14. Bxf6
gxf6 15. Qxf6 Rg8 16. Bd5 1-0

[Event "AUTO-ADV-1200"]
[Site "http://www.queenalice.com/game.php?id=532197"]
[Date "2009.1.30"]
[Round "1"]
[White "QueenFanny"]
[Black "eduardopiveta"]
[Result "1/2-1/2"]
[WhiteElo "1938"]
[BlackElo "1798"]

1. e4 d6 2. d4 Nf6 3. Nc3 g6 4. f4 Bg7 5. Nf3 O-O 6. Bd3 Na6 7. O-O c5 8. Bxa6
bxa6 9. dxc5 dxc5 10. e5 Qxd1 11. Rxd1 Ne8 12. Be3 Bf5 13. Rd2 Nc7 14. Nh4 Nb5
15. Nxf5 gxf5 16. Nd5 e6 17. Ne7+ Kh8 18. Bxc5 Rfd8 19. Rad1 Rxd2 20. Rxd2 Nc7
21. Nc6 Nd5 22. Nxa7 Nxf4 23. Rd7 Kg8 24. g3 Ng6 25. Nc6 Nxe5 26. Nxe5 Bxe5 27.
Bd4 Bxd4+ 28. Rxd4 a5 1/2-1/2

[Event "AUTO-ADV-1200"]
[Site "http://www.queenalice.com/game.php?id=532198"]
[Date "2009.1.30"]
[Round "1"]
[White "eduardopiveta"]
[Black "QueenFanny"]
[Result "0-1"]
[WhiteElo "1753"]
[BlackElo "1898"]

1. e4 e5 2. Nf3 Nc6 3. d4 exd4 4. Nxd4 Qf6 5. Nxc6 Qxc6 6. Nc3 Bb4 7. Bd2 Bxc3
8. Bxc3 Qxe4+ 9. Qe2 Qxe2+ 10. Bxe2 f6 11. O-O-O Ne7 12. Rhe1 d6 13. Bf3 Kf7 14.
Re3 Rb8 15. Rde1 Re8 16. h4 Bd7 17. h5 h6 18. Be4 Bc6 19. Bxc6 Nxc6 20. Rxe8
Rxe8 21. Rxe8 Kxe8 22. Kd2 Ke7 23. g4 Ne5 24. Bxe5 fxe5 25. Ke3 Kf6 26. Ke4 c6
27. f3 d5+ 28. Ke3 Kg5 29. c3 a5 30. b3 b5 31. a3 c5 32. c4 bxc4 33. bxc4 dxc4
34. Ke4 g6 0-1

[Event "AUTO-ADV-1200"]
[Site "http://www.queenalice.com/game.php?id=532207"]
[Date "2009.1.30"]
[Round "1"]
[White "gardez2005"]
[Black "eduardopiveta"]
[Result "1-0"]
[WhiteElo "1950"]
[BlackElo "1770"]

1. e4 d6 2. d4 Nf6 3. Nc3 g6 4. Nf3 Bg7 5. Be2 O-O 6. O-O Na6 7. a3 c5 8. d5 Nc7
9. Bg5 a6 10. Qd2 b5 11. Bh6 b4 12. axb4 cxb4 13. Nd1 Nxe4 14. Qxb4 Nc5 15. Bxg7
Kxg7 16. Qd4+ Kg8 17. b4 Nd7 18. Ne3 Nb5 19. Bxb5 Bb7 20. Bxd7 Qxd7 21. Qh4 h5
22. Qg5 Kh7 23. g4 f6 24. Qh4 Kh6 25. g5+ Kg7 26. Qd4 Qh3 27. gxf6+ exf6 28. Ng5
Qc8 29. Ne6+ Kg8 30. Nxf8 Qxf8 31. Rfe1 Kg7 32. Ng2 Rb8 33. Re3 Qf7 34. c4 g5
35. Rae1 Qg6 36. Re7+ Kf8 37. R1e6 1-0

[Event "AUTO-ADV-1200"]
[Site "http://www.queenalice.com/game.php?id=532208"]
[Date "2009.1.30"]
[Round "1"]
[White "eduardopiveta"]
[Black "gardez2005"]
[Result "0-1"]
[WhiteElo "1761"]
[BlackElo "1961"]

1. e4 e5 2. Nf3 Nc6 3. d4 exd4 4. Nxd4 Nf6 5. Nxc6 bxc6 6. Bd3 d5 7. Nc3 Bc5 8.
O-O O-O 9. h3 Re8 10. exd5 cxd5 11. Qf3 c6 12. Bg5 Be7 13. Bd2 Qc7 14. Bf4 Bd6
15. Bxd6 Qxd6 16. Ne2 Qe5 17. Rab1 Bd7 18. Nf4 Qg5 19. Qg3 Qxg3 20. fxg3 Re7 21.
g4 h6 22. c4 g5 23. Ne2 Re3 24. Rxf6 Rxd3 25. cxd5 cxd5 26. Rxh6 Re8 27. Nc3 d4
28. Nd5 Kg7 29. Rd6 Bb5 30. Nc7 Rb8 31. Nxb5 Rxb5 32. b4 a5 33. a3 axb4 34. axb4
Rb7 35. b5 Rd2 36. Rb3 Ra7 37. Ra6 Re7 38. Rg3 Re1+ 39. Kh2 Rb1 40. b6 Rdd1 41.
Rf3 d3 42. Ra7 Kg6 43. b7 d2 44. Rd3 Rh1+ 0-1

[Event "Let's Play Chess!"]
[Site "http://www.queenalice.com/game.php?id=533415"]
[Date "2009.2.2"]
[Round "-"]
[White "CampbellMarcel"]
[Black "eduardopiveta"]
[Result "1-0"]
[WhiteElo "1745"]
[BlackElo "1743"]

1. e4 d6 2. Nf3 Nf6 3. Nc3 g6 4. d4 Bg7 5. Be3 O-O 6. e5 Ne8 7. Be2 Na6 8. a3 c5
9. Bxa6 bxa6 10. exd6 Qxd6 11. dxc5 Bxc3+ 12. bxc3 Qxd1+ 13. Rxd1 Bb7 14. Nd4
Bxg2 15. Rg1 Be4 16. f3 Bb7 17. c6 Bc8 18. Nb3 Nd6 19. Na5 Re8 20. Kf2 Rb8 21.
Bxa7 Rb5 22. Nb3 Be6 23. Nd4 Rh5 24. Nxe6 fxe6 25. c7 Rc8 26. Bb8 Rd5 27. Rxd5
exd5 28. Re1 Kf7 29. Rb1 Nb5 30. Rb3 Nxc7 31. Bxc7 Rxc7 32. Ke3 e5 33. Kd3 Re7
34. Rb6 Ra7 35. c4 dxc4+ 36. Kxc4 Rc7+ 37. Kb3 Ra7 38. c4 Kg7 39. c5 Kh6 40. c6
Kg5 41. Rb7 Ra8 42. c7 Rc8 43. Kc4 Kf5 44. Kd5 Kf6 45. Kd6 Kf5 46. Rb8 Rxc7 47.
Kxc7 1-0

[Event "Fast Swissie"]
[Site "http://www.queenalice.com/game.php?id=537569"]
[Date "2009.2.9"]
[Round "1"]
[White "eduardopiveta"]
[Black "CampbellMarcel"]
[Result "1-0"]
[WhiteElo "1744"]
[BlackElo "1212"]

1. Nf3 b6 2. g3 Nf6 3. Bg2 c6 4. O-O d5 5. d3 Nbd7 6. Nbd2 g6 7. Re1 Bg7 8. e4
dxe4 9. Nxe4 O-O 10. a3 Ne8 11. Rb1 Bb7 12. b4 f5 13. Ned2 e5 14. Nc4 b5 15.
Ncxe5 Nxe5 16. Nxe5 Bxe5 17. Rxe5 1-0

[Event "Fast Swissie"]
[Site "http://www.queenalice.com/game.php?id=565201"]
[Date "2009.4.1"]
[Round "2"]
[White "chosadei"]
[Black "eduardopiveta"]
[Result "1-0"]
[WhiteElo "2107"]
[BlackElo "1773"]

1. e4 d6 2. d4 Nf6 3. Nc3 g6 4. Be3 Bg7 5. Qd2 h6 6. Nf3 Ng4 7. Bf4 e5 8. Bg3
Nc6 9. dxe5 Ngxe5 10. Nxe5 Nxe5 11. O-O-O h5 12. f4 Nc6 13. Bc4 Qe7 14. Nd5 Qd8
15. Bh4 Qd7 16. Bf6 O-O 17. h3 b6 18. g4 Bb7 19. gxh5 Na5 20. Qc3 Bxd5 21. Bxd5
Bxf6 22. Qxf6 c6 23. h6 1-0

[Event "Challenge"]
[Site "http://www.queenalice.com/game.php?id=577579"]
[Date "2009.4.25"]
[Round "-"]
[White "knight401"]
[Black "eduardopiveta"]
[Result "0-1"]
[WhiteElo "1552"]
[BlackElo "1775"]

1. e4 d6 2. Nf3 Nf6 3. d3 g6 4. Be2 Bg7 5. O-O b6 6. Re1 Bb7 7. Nbd2 e5 8. Nf1
Nc6 9. Ng3 Qd7 10. h3 O-O-O 11. c3 h5 12. Qc2 h4 13. Nf1 Nh5 14. Ne3 Nf4 15. Nh2
Nxe2+ 16. Qxe2 f5 17. exf5 gxf5 18. Bd2 Ne7 19. Nc2 Qc6 20. f3 Rdg8 21. d4 Ng6
22. Nb4 Qe8 23. d5 Bf6 24. a4 Nf4 25. Bxf4 exf4 26. Qe6+ Qxe6 27. Rxe6 Be5 28.
Rd1 Kd7 29. Rxe5 dxe5 30. c4 Rg6 31. Nf1 Rhg8 32. Rd2 Kd6 33. Re2 e4 34. Nd2 e3
35. Nb3 a5 36. Nc2 Ba6 0-1

[Event "game 2"]
[Site "http://www.queenalice.com/game.php?id=579212"]
[Date "2009.4.28"]
[Round "-"]
[White "eduardopiveta"]
[Black "knight401"]
[Result "1-0"]
[WhiteElo "1782"]
[BlackElo "1637"]

1. Nf3 d5 2. g3 c5 3. Bg2 Nc6 4. O-O e6 5. d3 h6 6. Nbd2 Nf6 7. e4 dxe4 8. Nxe4
Nd4 9. Ne5 Bd6 10. Nxd6+ Qxd6 11. Nc4 Qe7 12. c3 Nf5 13. Bf4 g5 14. Be5 h5 15.
Be4 g4 16. Re1 Rb8 17. Bxb8 Nxe4 18. dxe4 h4 19. exf5 hxg3 20. hxg3 1-0

[Event "AUTO-ADV-1322"]
[Site "http://www.queenalice.com/game.php?id=585690"]
[Date "2009.5.9"]
[Round "1"]
[White "eduardopiveta"]
[Black "hoovain"]
[Result "0-1"]
[WhiteElo "1786"]
[BlackElo "1828"]

1. Nf3 Nf6 2. g3 e6 3. Bg2 Bc5 4. O-O O-O 5. d4 Bb6 6. c4 c6 7. Nc3 d5 8. b3
Nbd7 9. Na4 Bc7 10. Bb2 Re8 11. Qd3 Nf8 12. Nc3 Bd7 13. Ba3 Ng6 14. e4 e5 15.
Rfe1 dxe4 16. Nxe4 exd4 17. Nxd4 Be5 18. Nf3 Bxa1 19. Rxa1 Nxe4 0-1

[Event "AUTO-ADV-1322"]
[Site "http://www.queenalice.com/game.php?id=585691"]
[Date "2009.5.9"]
[Round "1"]
[White "hoovain"]
[Black "eduardopiveta"]
[Result "1-0"]
[WhiteElo "1895"]
[BlackElo "1781"]

1. d4 Nf6 2. c4 g6 3. Nc3 Bg7 4. Nf3 O-O 5. e4 d6 6. Bd3 Na6 7. a3 c5 8. d5 Bg4
9. O-O Qd7 10. Bg5 Nc7 11. Rb1 a6 12. h3 Bxh3 13. Bxf6 Bxf6 14. gxh3 Qxh3 15.
Nh2 Be5 16. f4 Qg3+ 17. Kh1 Bxf4 18. Qe2 Be5 19. Rg1 Qh3 20. Rg2 b5 21. Qf3 Qxf3
22. Nxf3 Bxc3 23. bxc3 bxc4 24. Bxc4 Nb5 25. Rb3 Rab8 26. Rgb2 f5 27. Bxb5 axb5
28. Rxb5 Ra8 29. R5b3 f4 30. c4 h6 31. Ra2 g5 32. a4 g4 33. Nh4 f3 34. Kg1 Kg7
35. Nf5+ Rxf5 36. exf5 Kf6 37. Kf2 Kxf5 38. Kg3 h5 39. a5 Rh8 40. a6 h4+ 41. Kh2
g3+ 42. Kh3 f2 43. Rb1 Ke4 44. a7 Ra8 45. Kg2 1-0

[Event "AUTO-ADV-1322"]
[Site "http://www.queenalice.com/game.php?id=585692"]
[Date "2009.5.9"]
[Round "1"]
[White "eduardopiveta"]
[Black "pgierech"]
[Result "0-1"]
[WhiteElo "1761"]
[BlackElo "1913"]

1. Nf3 d5 2. g3 Nf6 3. Bg2 c6 4. O-O Bg4 5. d3 e6 6. Na3 Bd6 7. Bd2 h6 8. c4 O-O
9. cxd5 exd5 10. Nc2 Na6 11. a3 Nc7 12. b4 Qd7 13. Re1 Rfe8 14. Qc1 Ne6 15. Ne3
Bh5 16. Nf5 Bf8 17. Ne5 Qc7 18. f4 Ng4 19. Nxg4 Bxg4 20. Ne3 Bh5 21. Nc2 Be7 22.
e4 Rad8 23. f5 Ng5 24. h4 Nf3+ 25. Bxf3 Bxf3 26. Kf2 dxe4 27. dxe4 Bh5 28. Bxh6
Bxh4 29. Bf4 Qb6+ 30. Be3 Qc7 31. Bf4 Qb6+ 32. Qe3 Bf6 33. Qxb6 axb6 34. e5 Be7
35. Ke3 g5 36. Bxg5 Bxg5+ 37. Ke4 Rd2 38. Nd4 c5 39. Nb5 Bf6 0-1

[Event "AUTO-ADV-1322"]
[Site "http://www.queenalice.com/game.php?id=585693"]
[Date "2009.5.9"]
[Round "1"]
[White "pgierech"]
[Black "eduardopiveta"]
[Result "1-0"]
[WhiteElo "1902"]
[BlackElo "1772"]

1. Nf3 Nf6 2. c4 g6 3. Nc3 Bg7 4. d3 O-O 5. g3 d6 6. Bg2 e5 7. O-O Be6 8. Nxe5
c6 9. Nf3 Nbd7 10. Bg5 Qb6 11. Qd2 Rfe8 12. a3 Ng4 13. h3 Ngf6 14. b4 Qc7 15.
Rac1 a6 16. Bh6 Bh8 17. e4 Ne5 18. Nxe5 dxe5 19. f4 Nh5 20. Kh2 Qc8 21. g4 Nxf4
22. Bxf4 exf4 23. Na4 Qc7 24. Kh1 g5 25. d4 b5 26. Nc5 Bxc4 27. Rfe1 Red8 28. e5
Bxe5 29. Rxe5 a5 30. Rxg5+ Kf8 31. Rf5 f3 32. Bxf3 Qg3 33. Qg2 Qxg2+ 34. Bxg2
Rxd4 35. Bxc6 Rad8 36. bxa5 1-0

[Event "AUTO-ADV-1322"]
[Site "http://www.queenalice.com/game.php?id=585694"]
[Date "2009.5.9"]
[Round "1"]
[White "eduardopiveta"]
[Black "mg23campos"]
[Result "0-1"]
[WhiteElo "1808"]
[BlackElo "1934"]

1. Nf3 Nc6 2. g3 e5 3. d3 Nf6 4. Bg2 Bc5 5. O-O d6 6. Nbd2 h5 7. e4 g5 8. Nxg5
h4 9. Nb3 Bb6 10. c4 hxg3 11. hxg3 Ng4 12. Nh3 Nf6 13. Ng5 Bg4 14. Nf3 Nd4 15.
Nbxd4 Bxd4 16. Qa4+ c6 17. Nh4 Nh5 18. Kh2 Ng7 19. Be3 Ne6 20. Bh3 Be2 21. Rh1
Bxd3 22. Bg2 Qf6 23. Bxd4 Nxd4 24. Rad1 Bc2 0-1

[Event "AUTO-ADV-1322"]
[Site "http://www.queenalice.com/game.php?id=585695"]
[Date "2009.5.9"]
[Round "1"]
[White "mg23campos"]
[Black "eduardopiveta"]
[Result "1-0"]
[WhiteElo "1919"]
[BlackElo "1797"]

1. e4 d6 2. Nf3 Nf6 3. Nc3 g6 4. Bc4 Bg7 5. Ng5 e6 6. d4 O-O 7. h4 Nc6 8. g4 d5
9. exd5 exd5 10. Bb3 Bxg4 11. Qd3 Re8+ 12. Be3 Nd7 13. Nxd5 Nxd4 14. Nxf7 Nf3+
15. Kf1 Kxf7 16. Nxc7+ Be6 17. Nxe6 Rxe6 18. Bg5 Nxg5 19. hxg5 Ne5 20. Qb5 Qb6
21. Bxe6+ Kxe6 22. Qxb6+ axb6 23. Rxh7 Rg8 24. Re1 Kf5 25. Kg2 Ng4 26. f3 Ne5
27. Kg3 Nd7 28. f4 Nc5 29. Re7 Bxb2 30. Rhf7+ Bf6 31. Rxf6# 1-0

[Event "Fast Swissie"]
[Site "http://www.queenalice.com/game.php?id=603250"]
[Date "2009.6.14"]
[Round "3"]
[White "eduardopiveta"]
[Black "ZZZZ"]
[Result "1-0"]
[WhiteElo "1751"]
[BlackElo "1684"]

1. Nf3 e6 2. g3 Nf6 3. Bg2 Ng4 4. O-O h5 5. c4 Be7 6. Nc3 h4 7. h3 hxg3 8. hxg4
Bh4 9. fxg3 Bxg3 10. Ne4 Bf4 11. d4 Bd6 12. Nxd6+ cxd6 13. b3 Qc7 14. Bb2 b6 15.
Ng5 d5 16. Nf3 Nc6 17. Rc1 Qf4 18. cxd5 exd5 19. Kf2 Qxg4 20. Qd3 Bb7 21. Qe3+
Ne7 22. Rh1 Rxh1 23. Rxh1 Kf8 24. Rh8+ Ng8 25. Ba3+ d6 26. Bxd6# 1-0

[Event "Challenge"]
[Site "http://www.queenalice.com/game.php?id=605798"]
[Date "2009.6.18"]
[Round "-"]
[White "eduardofelix"]
[Black "eduardopiveta"]
[Result "0-1"]
[WhiteElo "1782"]
[BlackElo "1764"]

1. e4 d6 2. Bc4 Nf6 3. d3 Nc6 4. c3 g6 5. a3 Bg7 6. Ba2 O-O 7. Nf3 e5 8. O-O Nh5
9. Ng5 Nf4 10. Bxf7+ Kh8 11. Bxf4 exf4 12. Ne6 Bxe6 13. Bxe6 Ne5 14. d4 Nc6 15.
Qg4 Qf6 16. Bd5 h5 17. Qf3 Ne7 18. b4 Nxd5 19. exd5 Rae8 20. Nd2 Qf5 21. a4 h4
22. h3 g5 23. Rac1 Kh7 24. Rfe1 Kh6 25. Rxe8 Rxe8 26. Kf1 Bf8 27. Re1 Rxe1+ 28.
Kxe1 Qc2 29. Qd1 Qxc3 30. Qe2 Qxb4 31. Qe6+ Kh7 32. Qf7+ Bg7 33. Qxc7 Qxa4 34.
Qxd6 Qxd4 35. Qe6 Qe5+ 36. Qxe5 Bxe5 37. Nf3 Bf6 38. Kd2 Kg7 39. Kd3 Kf7 40. Kc4
Ke7 41. Kc5 Kd7 42. Nd2 b6+ 43. Kb5 Kd6 44. Nc4+ Kxd5 45. Kb4 a5+ 46. Kb5 Bd4
47. Nd2 Bxf2 48. Nf3 Ke4 49. Nxg5+ Ke3 50. Nf3 Bg3 51. Kxb6 a4 52. Ne5 Kf2 53.
Nf3 a3 0-1

[Event "Fast Swissie"]
[Site "http://www.queenalice.com/game.php?id=646528"]
[Date "2009.9.3"]
[Round "4"]
[White "gardez2005"]
[Black "eduardopiveta"]
[Result "1-0"]
[WhiteElo "2115"]
[BlackElo "1770"]

1. d4 e6 2. c4 Nf6 3. Nc3 g6 4. Nf3 Bg7 5. e3 O-O 6. Be2 Na6 7. O-O c5 8. h3
cxd4 9. exd4 b6 10. Be3 Bb7 11. a3 Rc8 12. b3 d5 13. Rc1 Nc7 14. Qd2 a6 15. Bh6
Ne4 16. Nxe4 dxe4 17. Bxg7 Kxg7 18. Nh2 Qd7 19. Rfd1 Qc6 20. Qf4 e3 21. Bf3 Nd5
22. cxd5 Qxc1 23. Rxc1 Rxc1+ 24. Nf1 exf2+ 25. Kxf2 Bxd5 26. Qxc1 1-0

[Event "Fast Swissie"]
[Site "http://www.queenalice.com/game.php?id=665633"]
[Date "2009.10.11"]
[Round "5"]
[White "eduardopiveta"]
[Black "palaciorep"]
[Result "1-0"]
[WhiteElo "1768"]
[BlackElo "1824"]

1. Nf3 Nc6 2. g3 e5 3. d3 h6 4. Bg2 Nf6 5. O-O d6 6. e4 Bg4 7. c3 Be7 8. Qb3 Rb8
9. Na3 Bxf3 10. Bxf3 O-O 11. Be3 b6 12. Nc4 Nh7 13. Bh5 Bf6 14. Nd2 Ne7 15. a3
d5 16. Rad1 c5 17. Nb1 d4 18. cxd4 exd4 19. Bf4 Bg5 20. Bxb8 Qxb8 21. Nd2 Bxd2
22. Rxd2 Qe5 23. Qd1 g6 24. Bf3 Ng5 25. Bg2 Qe6 26. Qa4 a5 27. Qc4 Qd6 28. Rdd1
Nc6 29. f4 Ne6 30. e5 Qd7 31. Bxc6 Qxc6 32. b4 axb4 33. axb4 b5 34. Qb3 c4 35.
dxc4 bxc4 36. Qf3 Qb6 37. Rb1 d3+ 38. Qf2 Qxf2+ 39. Kxf2 Nd4 40. Ke3 Nf5+ 41.
Ke4 d2 42. g4 Ne7 43. Kd4 Rc8 44. Kc3 Nd5+ 45. Kxd2 c3+ 46. Kd3 c2 47. Rbc1
Nxb4+ 48. Kd2 Kf8 49. Rf3 Nd5 50. Rxc2 Rxc2+ 51. Kxc2 f5 52. h3 fxg4 53. hxg4
Ke7 54. Kd3 Ke6 55. Kd4 Ne7 56. Ra3 Nc6+ 57. Kc5 Ne7 58. Ra6+ Kf7 59. Kd6 Nc8+
60. Kd7 Ne7 61. Rf6+ Kg7 62. Kxe7 g5 63. fxg5 hxg5 64. Kd6 Kg8 65. Rf5 Kh7 66.
e6 Kh6 67. e7 Kg7 68. e8=Q Kh6 69. Rf6+ Kh7 70. Qe7+ Kg8 71. Rf8# 1-0

[Event "Challenge"]
[Site "http://www.queenalice.com/game.php?id=694791"]
[Date "2009.12.8"]
[Round "-"]
[White "extermination"]
[Black "eduardopiveta"]
[Result "1-0"]
[WhiteElo "1786"]
[BlackElo "1786"]

1. e4 d6 2. d4 Nf6 3. Nc3 g6 4. Nf3 Bg7 5. Ng5 h6 6. Nf3 Na6 7. Bf4 c5 8. dxc5
Nxc5 9. Bb5+ Bd7 10. Bxd7+ Qxd7 11. O-O Nfxe4 12. Nxe4 Nxe4 13. Re1 d5 14. Ne5
Qf5 15. Qxd5 Nd6 16. Nxg6 Qxd5 17. Nxe7 Qc5 18. Bxd6 Qxc2 19. Rac1 Qxb2 20. Nf5+
Kd7 21. Re7+ Kd8 22. Bc7+ Kc8 23. Nd6# 1-0

[Event "Challenge"]
[Site "http://www.queenalice.com/game.php?id=703755"]
[Date "2009.12.26"]
[Round "-"]
[White "eduardopiveta"]
[Black "thedead"]
[Result "1-0"]
[WhiteElo "1786"]
[BlackElo "1596"]

1. Nf3 d5 2. g3 e6 3. Bg2 Nf6 4. O-O c5 5. c4 Nc6 6. cxd5 exd5 7. d4 Be7 8. Nc3
O-O 9. Be3 cxd4 10. Nxd4 Nxd4 11. Bxd4 Be6 12. Bxf6 Bxf6 13. Nxd5 Bxd5 14. Bxd5
Rb8 15. Rb1 g6 16. e4 Qb6 17. b3 Rbd8 18. Qd3 Rd7 19. Qf3 Kg7 20. Rbd1 Rfd8 21.
Kg2 Bd4 22. Qd3 Bc5 23. Qc3+ Kg8 24. Qc4 Bd6 25. f4 Rc7 26. Qd3 Kf8 27. Qd4 Qxd4
28. Rxd4 b6 29. Rc4 f5 30. Rxc7 Bxc7 31. Rc1 Bd6 32. Kf3 fxe4+ 33. Bxe4 Bc5 34.
Ke2 Rd4 35. Rc4 Rxc4 36. bxc4 1-0